|
|
|
|
| LEADER |
00000nam0a2200000 4500 |
| 001 |
101024 |
| 005 |
20231101214336.0 |
| 010 |
|
|
|a 5859714637
|
| 035 |
|
|
|a (RuTPU)RU\TPU\book\108753
|
| 090 |
|
|
|a 101024
|
| 100 |
|
|
|a 20060830d2006 m y0rusy50 ca
|
| 101 |
0 |
|
|a rus
|
| 102 |
|
|
|a RU
|
| 105 |
|
|
|a y j 000zy
|
| 200 |
1 |
|
|a Офшоры: инструмент международного налогового планирования
|e учебное пособие для вузов
|f М. П. Владимирова, Д. М. Теунаев, М. М. Стажкова
|
| 205 |
|
|
|a 2-е изд., стер.
|
| 210 |
|
|
|a Москва
|c Кнорус
|d 2006
|
| 215 |
|
|
|a 81 с.
|
| 330 |
|
|
|a Легальное планирование налогов — это не просто хорошо поставленный бухгалтерский и налоговый учет и правильное составление финансовой отчетности, а законная возможность бизнесмена либо не платить никаких налогов вообще, либо свести их уровень к минимальному из возможных по сравнению с уровнем действующих налоговых ставок. В связи с этим офшорный бизнес приобретает все больший вес в мировом обороте капитала. При условии соблюдения норм и требований действующего законодательства офшорный бизнес является одним из эффективных инструментов налогового планирования. Особенности и все новые возможности офшорного бизнеса заслуживают постоянного внимания. Для студентов высших учебных заведений, обучающихся по экономическим специальностям, аспирантов и преподавателей, а также всех, кто интересуется вопросами международного налогового планирования.
|
| 606 |
1 |
|
|a Налогообложение
|2 stltpush
|3 (RuTPU)RU\TPU\subj\36473
|9 57839
|
| 606 |
1 |
|
|a Налоги
|2 stltpush
|3 (RuTPU)RU\TPU\subj\36467
|9 57834
|
| 610 |
1 |
|
|a экономика
|
| 610 |
1 |
|
|a офшоры
|
| 610 |
1 |
|
|a офшорные зоны
|
| 610 |
1 |
|
|a классификация
|
| 610 |
1 |
|
|a налоги
|
| 610 |
1 |
|
|a налогообложение
|
| 610 |
1 |
|
|a инвестиции
|
| 610 |
1 |
|
|a международные инвестиции
|
| 610 |
1 |
|
|a международная торговля
|
| 610 |
1 |
|
|a холдинги
|
| 610 |
1 |
|
|a транспортные компании
|
| 610 |
1 |
|
|a регистрация
|
| 610 |
1 |
|
|a налоговое планирование
|
| 610 |
1 |
|
|a учебные пособия
|
| 686 |
|
|
|a У9(2)261.4я73
|v LBC/SL-A
|2 rubbk
|
| 686 |
|
|
|a У9(2)81я73
|v LBC/SL-A
|2 rubbk
|
| 700 |
|
1 |
|a Владимирова
|b М. П.
|g Маргарита Петровна
|
| 701 |
|
1 |
|a Теунаев
|b Д. М.
|g Дагир Мазанович
|
| 701 |
|
1 |
|a Стажкова
|b М. М.
|g Мария Михайловна
|
| 801 |
|
1 |
|a RU
|b 63413507
|c 20060830
|g PSBO
|
| 801 |
|
2 |
|a RU
|b 63413507
|c 20151216
|g PSBO
|
| 942 |
|
|
|c BK
|
| 959 |
|
|
|a 73/20060825
|d 1
|e 50,00
|f ЧЗГЛ:1
|